Combien de fois pouvez vous taper "intergouvernementalisation" - Statistiques

Statistiques générales
  • Ce quiz a été pris 84 fois
  • Le résultat moyen est 46 sur 78
Statistiques - réponses
Réponse % Correct
i
100%
n
88%
e
86%
t
86%
r
84%
e
74%
g
74%
o
74%
u
74%
v
74%
r
70%
n
68%
a
66%
a
66%
e
66%
e
66%
i
66%
i
66%
l
66%
m
66%
n
66%
n
66%
o
66%
s
66%
t
66%
t
66%
i
64%
a
62%
e
62%
e
62%
e
62%
e
62%
g
62%
m
62%
n
62%
n
62%
n
62%
o
62%
r
62%
r
62%
t
62%
t
62%
u
62%
v
62%
i
60%
l
60%
s
58%
a
52%
i
52%
n
52%
o
52%
t
52%
e
50%
i
50%
n
50%
t
50%
r
48%
a
46%
e
46%
e
46%
e
46%
g
46%
i
46%
l
46%
m
46%
n
46%
n
46%
o
46%
r
46%
t
46%
u
46%
v
46%
a
44%
s
44%
i
42%
n
42%
o
42%
t
42%
Aucun quiz correspondant
Distribution des résultats
% des personnes avec chaque résultat
Percentile par nombre de réponses
Votre historique - résultats
Vous n’avez pas pris ce quiz